| 000 | 00754nam a2200217 4500 | ||
|---|---|---|---|
| 001 | 109292 | ||
| 003 | ES-MaACL | ||
| 005 | 20250911063545.0 | ||
| 007 | t| | ||
| 008 | 061121s1936 sp r ||||1| spa d | ||
| 100 | 1 |
_aVon Mises, Ludwig, _d1881-1973 _9173826 |
|
| 245 | 1 | 0 |
_aTeoría del dinero y del crédito / _cLudwig von Mises; traducción española de Antonio Riaño. |
| 260 |
_aMadrid : _bAguilar, _c1936. |
||
| 300 |
_a490 p ; _c21 cm. |
||
| 490 | 1 | _aBiblioteca de estudios económicos, políticos y sociales | |
| 700 | 1 |
_aRiaño, Antonio. _996681 |
|
| 830 | 0 |
_aBiblioteca de estudios económicos, políticos y sociales _9186692 |
|
| 852 |
_aES-MaACL _jF-16161 _bR.20984 |
||
| 852 |
_aES-MaACL _jA-4338 |
||
| 999 |
_c109292 _d109292 |
||